Seventeen - Membres par photos - Statistiques

Statistiques générales
  • Ce quiz a été pris 167 fois
  • Le résultat moyen est 12 sur 13
Statistiques - réponses
Par images Réponse % Correct
Jun
97%
Woozi
97%
Hoshi
96%
DK
95%
The8
95%
Vernon
95%
Joshua
93%
S.Coups
93%
Mingyu
92%
Dino
91%
Wonwoo
89%
Jeonghan
86%
Seungkwan
86%
Aucun quiz correspondant
Distribution des résultats
% des personnes avec chaque résultat
Percentile par nombre de réponses
Votre historique - résultats
Vous n’avez pas pris ce quiz